logo

Bir Sreshtho Munshi Abdur Rouf Library
Jhenaidah Cadet College

Administrative theory as a guide to action / (Record no. 7050)

MARC details
000 -LEADER
fixed length control field 00758cam a22002531 4500
001 - CONTROL NUMBER
JCCL Control Number 7050
003 - CONTROL NUMBER IDENTIFIER
JCCL marc code BD-JhCC
005 - DATE AND TIME OF LATEST TRANSACTION
control field 20180416101217.0
008 - FIXED-LENGTH DATA ELEMENTS--GENERAL INFORMATION
fixed length control field 711221s1960 xx 000 0 eng
035 ## - SYSTEM CONTROL NUMBER
system control number (BD-JhCC)7050
035 ## - SYSTEM CONTROL NUMBER
system control number (OCoLC)185779
040 ## - CATALOGING SOURCE
Original cataloging agency DLC
Transcribing agency ODaWU
Modifying agency DLC
-- (BD-JhCC)
041 ## - LANGUAGE CODE
Language code of Book eng
050 00 - LIBRARY OF CONGRESS CALL NUMBER
Classification number LB2805
Item number .C244
082 ## - DEWEY DECIMAL CLASSIFICATION NUMBER
Author mark and Year CAM 1960
Classification number 371.2082
100 1# - MAIN ENTRY--PERSONAL NAME
Personal name Campbell, Roald F.
Fuller form of name (Roald Fay),
Dates associated with a name 1905-1988,
245 10 - TITLE STATEMENT
Title Administrative theory as a guide to action /
Statement of responsibility, etc Roald F. Campbell,
260 ## - PUBLICATION, DISTRIBUTION, ETC. (IMPRINT)
Name of publisher, distributor, etc Midwest Administration Center, University of Chicago
Date of publication, distribution, etc [1960]
300 ## - PHYSICAL DESCRIPTION
Pagination 203 p.
650 #0 - SUBJECT ADDED ENTRY--TOPICAL TERM
Topical term or geographic name as entry element School management and organization
Form subdivision Congresses.
700 1# - ADDED ENTRY--PERSONAL NAME
Personal name Lipham, James M.,
942 ## - ADDED ENTRY ELEMENTS (KOHA)
Source of classification or shelving scheme Dewey Decimal Classification
Koha item type Books
Holdings
Source of classification or shelving scheme Damaged status Not for loan Home library Current library Shelving location Date of accession Total Checkouts Full call number Barcode Date last seen Copy number Koha item type
Dewey Decimal Classification     JCC Rouf Library JCC Rouf Library General Stacks 02/04/2018   371.2082 CAM 1960 1020 02/04/2018 C - 1 Books

JCC Library | Contacts | JCC Home

Last Update on 23 September 2017
Copyright @ 2017-2020 JCC Rouf Library
Rouf Library, Jhenidah Cadet College (JCC), Bangladesh